000 00587nam a22001697a 4500
020 _qHard Cover.
082 _a620.1
100 _aKhan, Safeer
245 _aSimulation of Cell focusing and Sorting based on Inertial Microfluidics /
_cSafeer Khan.
260 _aIslamabad :
_bSMME - NUST,
_c2018.
300 _axii, 32 p. : ill. ;
_c30cm.
650 _aMS Thesis Manufacturing Engineering.
_925732
700 _aDr. Emad Uddin.
_916253
856 _u http://10.250.8.41:8080/xmlui/handle/123456789/13004
942 _2ddc
_cTHE
999 _c532343
_d532343